Čo je efektné, nemusí byť povrchné festival Viva Musica! otvorili v piatok ...

Bibliographic Details
Main Author: Rehák, Oliver, 1973- (Author)
Format: Article
Language:Slovak
PhysicalDescription:Fotogr.
ISSN:1335-440X
Subjects:

MARC

LEADER 00000nab a2200000 ar4500
001 vtls010024672
003 SK-MaSNL
005 20260426064108.0
008 190315c20090727xo dr|n|||||||000 b|slo
015 |a SNBRB2009/11  |2 snkbucl 
040 |a SNKBUCL  |b slo  |c SNKBUCL  |e AACR2 
041 0 |a slo 
044 |a xo  |c SK 
080 |a 78.079:782/785  |x (437.6)  |2 2001 
080 |a 782/785  |2 2001 
100 1 |a Rehák, Oliver,  |d 1973-  |4 aut  |9 104655 
245 1 0 |a Čo je efektné, nemusí byť povrchné  |b festival Viva Musica! otvorili v piatok ...  |c Oliver Rehák 
300 |b Fotogr. 
611 2 7 |a Viva Musica!  |n (5. :  |d 2009 :  |c Bratislava, Slovensko)  |2 snkbucl  |9 1035635 
650 0 7 |a hudobné festivaly  |2 snkbucl  |9 2958 
650 0 7 |a vážna hudba  |2 snkbucl  |9 3218 
651 7 |a Bratislava (Slovensko)  |2 snkbucl  |9 14568 
773 0 |t Sme  |g Roč. 17, č. 172 (27.7.2009), s. 14  |x 1335-440X 
852 |a SNK  |b KIS3GCP 
958 |a SK 
999 |c 2575774  |d 2577704